LEADER 00965nam0-22003251i-450- 001 990004013040403321 005 20080516115710.0 035 $a000401304 035 $aFED01000401304 035 $a(Aleph)000401304FED01 035 $a000401304 100 $a19990604d1983----km-y0itay50------ba 101 1 $aita 102 $aIT 105 $ay-------00-y- 200 1 $aDalla proprietà capitalistica alla proprietà umana$fEmmanuel Mounier$gintroduzione di Giorgio Campanini 210 $aBari$cEcumenica$dc1983 215 $a159 p.$d20 cm 305 $aEd. orig.: Paris, 1961 610 0 $aPROPRIETA' 676 $a323.46 700 1$aMounier,$bEmmanuel$f<1905-1950>$0127384 702 1$aCampanini,$bGiorgio 801 0$aIT$bUNINA$gRICA$2UNIMARC 901 $aBK 912 $a990004013040403321 952 $a323 MOU 1$bDip.Filos.145$fFLFBC 959 $aFLFBC 996 $aDalla proprietà capitalistica alla proprietà umana$9472524 997 $aUNINA LEADER 01051nas 2200397 a 450 001 9910143127903321 005 20260127110918.0 035 $a(OCoLC)435442243 035 $a(CKB)954925584233 035 $a(CONSER) 2010250572 035 $a(DE-599)ZDB2412147 2 035 $a(DE-599)2515021-2 035 $a(EXLCZ)99954925584233 100 $a20090901b19921999 uy 101 0 $aeng 135 $aur|||||||| 181 $ctxt$2rdacontent 182 $cc$2rdamedia 183 $acr$2rdacarrier 200 10$aActa Physica Sinica 205 $aOverseas edition. 210 1$a[Beijing, China] :$c[Chinese Physical Society],$d[1992-1999] 311 08$a1004-423X 606 $aPhysics$vPeriodicals 606 $aPhysics 606 $aFísica$2thub 608 $aPeriodical. 608 $aRevistes electròniques.$2thub 615 0$aPhysics 615 2$aPhysics. 615 7$aFísica. 712 02$aZhongguo wu li xue hui. 906 $aJOURNAL 912 $a9910143127903321 996 $aActa physica Sinica$9802379 997 $aUNINA